000 00891nam a2200181Ia 4500
008 100921s9999 xx 000 0 und d
082 _b43784
_a923.8 न 09
100 _aसिंघल राहुल,अनु.कोल्हे रविंद्र.
245 _aकार्पोरेट गांधी नारायण मूर्ती.
260 _bसाकेत प्रकाशन,औरंगाबाद.
_c2009
300 _a127
_bजयेश एजन्सी,पुणे.
365 _b100
520 _aचरित्र-व्यापार,वहातूक.
630 _aकार्पोरेट गांधी नारायण मूर्ती.
650 _aचरित्र-व्यापार,वहातूक.
730 _aकार्पोरेट गांधी नारायण मूर्ती.
942 _cBOOK
999 _c792897
_d792894